| 000 | 00553nam a22002057a 4500 | ||
|---|---|---|---|
| 003 | OSt | ||
| 005 | 20181004183659.0 | ||
| 008 | 181004b xxu||||| |||| 00| 0 eng d | ||
| 020 | _a9780495190684 | ||
| 020 | _a0495190683 | ||
| 040 | _cDDC. | ||
| 082 | _2551.46GAR 2007. | ||
| 100 |
_aGarrison,Tom; _912717 |
||
| 245 | _aOceanography:An Invitation to Marine science. | ||
| 260 |
_aAustraria. _bThomson Brooks/Cole, _c2007. |
||
| 300 |
_axx,588p; _bill. _c26cm. |
||
| 504 | _aincludes index. | ||
| 650 |
_aMarine Science _912718 |
||
| 942 |
_2ddc _cO_SHELF |
||
| 999 |
_c6159 _d6159 |
||